[Event "Campionatul National pe echipe 2012 - S"]
[Site "Constanta-Mamaia"]
[Date "2012.09.24"]
[Round "3.2"]
[White "Foisor, Cristina Adela B"]
[Black "Dobre, Ana Margareta"]
[Result "1-0"]
[WhiteElo "2398"]
[BlackElo "1856"]
[PlyCount "109"]
[EventDate "2012.09.22"]
[EventType "team"]
[EventRounds "9"]
[WhiteTeam "CS AEM Luxten Timisoara"]
[BlackTeam "Clubul Central de Sah Bucuresti"]

1. Nf3 g6 2. d4 Bg7 3. b4 d6 4. Bb2 c5 5. bxc5 dxc5 6. c3 Nf6 7. e3 O-O 8. Be2
Bf5 9. O-O Qc7 10. Na3 Nbd7 11. c4 Ne4 12. Nh4 Ndf6 13. Nxf5 gxf5 14. Qc2 e6
15. Nb5 Qe7 16. f3 a6 17. fxe4 axb5 18. e5 Ng4 19. Bxg4 fxg4 20. cxb5 Qg5 21.
Qe4 Ra4 22. a3 h5 23. Rae1 Qe7 24. Qc2 Ra5 25. a4 Rfa8 26. Ra1 Bh6 27. Rfe1
cxd4 28. Bxd4 Qb4 29. Bc5 Bxe3+ 30. Bxe3 Rxa4 31. Rab1 Qe7 32. Qf2 Ra2 33. Re2
Ra1 34. Ree1 R1a2 35. Qf6 Qxf6 36. exf6 Rc2 37. Ra1 Rd8 38. Rac1 Rb2 39. Rc5
Rd5 40. Rxd5 exd5 41. b6 Kh7 42. Rd1 Rb5 43. Kf2 Kg6 44. Bd4 Kg5 45. Re1 Rb4
46. Ke3 Ra4 47. Kd3 Ra3+ 48. Bc3 d4 49. Kxd4 Kxf6 50. Kd3+ Kg5 51. Re7 Rb3 52.
Rxb7 f6 53. Rb8 h4 54. Kc4 Rb1 55. b7 1-0

[Event "#1"]
[Site "Cap Aurora"]
[Date "2012.06.26"]
[Round "4.9"]
[White "Dobre, Ana Margareta"]
[Black "Baciu, Stefan"]
[Result "0-1"]
[WhiteElo "1860"]
[BlackElo "2230"]
[PlyCount "104"]
[EventDate "2012.??.??"]

1. e4 d6 2. d4 Nf6 3. Nc3 g6 4. f3 c6 5. Be3 b5 6. Qd2 Nbd7 7. d5 cxd5 8. Nxd5
a6 9. Ne2 Bb7 10. Nec3 Bg7 11. Bh6 Bxh6 12. Qxh6 Nxd5 13. Qg7 Rf8 14. exd5 b4
15. Ne4 Bxd5 16. O-O-O Bxe4 17. fxe4 Ne5 18. Qxh7 Qa5 19. Kb1 O-O-O 20. Qh3+
Kb7 21. Qb3 Ka7 22. Rd5 Qb6 23. Qa4 Nc6 24. Rb5 Qc7 25. Be2 Rb8 26. Rxb8 Nxb8
27. Qxb4 Nd7 28. Qd4+ Qb6 29. Qxb6+ Kxb6 30. h4 Rh8 31. g4 Nf6 32. Bf3 Kc5 33.
c3 a5 34. h5 gxh5 35. gxh5 Rh6 36. Kc2 e5 37. a3 d5 38. b4+ axb4 39. cxb4+ Kd4
40. exd5 e4 41. Be2 Nxd5 42. Kb3 f5 43. Bc4 Ne3 44. Bf7 f4 45. Bg6 Ng2 46. b5
e3 47. Kc2 f3 48. b6 f2 49. b7 Rh8 50. Bd3 Ne1+ 51. Kd1 Kxd3 52. h6 e2+ 0-1

[Event "CN Juniori - F20"]
[Site "?"]
[Date "2011.04.17"]
[Round "?"]
[White "Dobre, Ana Margareta"]
[Black "Anusca, Madalina-Maria"]
[Result "0-1"]
[WhiteElo "1845"]
[BlackElo "2052"]
[PlyCount "98"]
[EventDate "2011.??.??"]

1. d4 d5 2. Nf3 Nf6 3. e3 Bg4 4. Bd3 c6 5. c3 Nbd7 6. Nbd2 e6 7. O-O Bd6 8. Re1
O-O 9. e4 e5 10. Qc2 Bxf3 11. Nxf3 dxe4 12. Bxe4 exd4 13. cxd4 Nxe4 14. Rxe4
Re8 15. Bg5 Qa5 16. Rh4 Nf8 17. Bd2 Qd5 18. Ng5 h6 19. Nf3 Re6 20. Re1 Rae8 21.
Rxe6 Rxe6 22. Ne5 Bxe5 23. dxe5 Qxe5 24. g3 Qe2 25. Qc3 Ng6 26. Rd4 Re8 27. Be3
Ne5 28. Rf4 Nd3 29. Rd4 Ne1 30. Rf4 Nf3+ 31. Kg2 Ne1+ 32. Kg1 Qd1 33. Qb3 Nc2+
34. Kg2 Nxe3+ 35. fxe3 Qxb3 36. axb3 Rxe3 37. Rb4 b6 38. Kf2 Re5 39. Ra4 a5 40.
Rd4 Kf8 41. Rd8+ Ke7 42. Rb8 Rb5 43. Rb7+ Ke6 44. Rc7 c5 45. Rc6+ Kf5 46. Rc7
Kg6 47. Rc6+ f6 48. Rd6 Rxb3 49. Rd2 a4 0-1

[Event "CN Juniori - F20"]
[Site "?"]
[Date "2011.04.16"]
[Round "?"]
[White "Mastacan, Camelia"]
[Black "Dobre, Ana Margareta"]
[Result "0-1"]
[WhiteElo "1735"]
[BlackElo "1845"]
[PlyCount "58"]
[EventDate "2011.??.??"]

1. d4 d6 2. Nf3 Nf6 3. c4 g6 4. Nbd2 Bg7 5. e3 O-O 6. Bd3 Nbd7 7. O-O Re8 8.
Qc2 e5 9. b3 Nh5 10. Bb2 f5 11. e4 fxe4 12. Nxe4 exd4 13. Bxd4 Bxd4 14. Nxd4
Ne5 15. f4 Ng4 16. Rf3 c6 17. Kh1 d5 18. cxd5 cxd5 19. Ng5 Qf6 20. Qc5 Nxf4 21.
Nh3 Nxd3 22. Qxd5+ Be6 23. Qe4 Ndf2+ 24. Nxf2 Nxf2+ 25. Rxf2 Qxf2 26. Nxe6 Qf7
27. Re1 Rac8 28. Qd5 Rxe6 29. Rd1 Re1+ 0-1

[Event "CN Juniori - F20"]
[Site "?"]
[Date "2011.04.15"]
[Round "?"]
[White "Bulmaga, Irina"]
[Black "Dobre, Ana Margareta"]
[Result "1-0"]
[WhiteElo "2268"]
[BlackElo "1845"]
[PlyCount "57"]
[EventDate "2011.??.??"]

1. e4 e5 2. Bc4 Nf6 3. d3 Bc5 4. Nf3 d6 5. c3 Nc6 6. Bb3 Bg4 7. Nbd2 Qd7 8. h3
Bh5 9. Nf1 d5 10. exd5 Nxd5 11. Ng3 Bg6 12. O-O O-O-O 13. Bc2 Nde7 14. b4 Bd6
15. Bd2 f6 16. a4 Nf5 17. Ne4 h5 18. Qb1 Rdf8 19. b5 Nce7 20. a5 Be8 21. Ba4
Qe6 22. Bb3 Qd7 23. c4 c6 24. c5 Bb8 25. a6 cxb5 26. axb7+ Qxb7 27. Be6+ Bd7
28. c6 Nxc6 29. Nc5 1-0

[Event "CN Juniori - F20"]
[Site "?"]
[Date "2011.04.15"]
[Round "?"]
[White "Dobre, Ana Margareta"]
[Black "Uta, Adeline-Ramona"]
[Result "1/2-1/2"]
[WhiteElo "1845"]
[BlackElo "2106"]
[PlyCount "119"]
[EventDate "2011.??.??"]

1. e4 c5 2. Nf3 d6 3. c3 Nf6 4. Bd3 Nc6 5. Bc2 e5 6. h3 d5 7. exd5 Qxd5 8. Qe2
Be7 9. O-O e4 10. Nh2 Bf5 11. Na3 O-O 12. Nc4 Bg6 13. Ne3 Qd7 14. Nhg4 Nxg4 15.
hxg4 Rfe8 16. Nf5 Bd6 17. Bxe4 Bxf5 18. gxf5 Qxf5 19. Bxf5 Rxe2 20. Bg4 Re7 21.
d3 Ne5 22. Bf5 g6 23. Be4 Kg7 24. f4 Ng4 25. f5 f6 26. Bf4 Bxf4 27. Rxf4 Ne5
28. fxg6 hxg6 29. d4 cxd4 30. cxd4 Nc4 31. b3 Nd2 32. Bd3 Re3 33. Bc4 Nxc4 34.
bxc4 Rc3 35. d5 Rc8 36. Re1 R3xc4 37. Rxc4 Rxc4 38. Re7+ Kf8 39. Rxb7 Ra4 40.
d6 Ke8 41. Rg7 g5 42. Re7+ Kd8 43. Rf7 Rxa2 44. Rxf6 Kd7 45. Rg6 Ra5 46. Kf2 a6
47. Kg3 Rb5 48. Rg7+ Kc6 49. Kg4 a5 50. d7 Kc7 51. Kh5 Rd5 52. g4 Kd8 53. Rf7
a4 54. Rf8+ Kxd7 55. Ra8 Ke7 56. Rxa4 Kf7 57. Ra6 Kg7 58. Rg6+ Kh7 59. Rf6 Kg7
60. Rg6+ 1/2-1/2

[Event "CN Juniori - F20"]
[Site "?"]
[Date "2011.04.14"]
[Round "?"]
[White "Ilie, Maria Ruxandra"]
[Black "Dobre, Ana Margareta"]
[Result "1/2-1/2"]
[WhiteElo "2000"]
[BlackElo "1845"]
[PlyCount "70"]
[EventDate "2011.??.??"]

1. d4 d5 2. c4 dxc4 3. Nf3 Nf6 4. e3 c5 5. Bxc4 e6 6. O-O Nc6 7. Nc3 cxd4 8.
exd4 Bb4 9. a3 Be7 10. b4 O-O 11. Bb2 a6 12. Rc1 Nd5 13. Ne4 b5 14. Bb3 Qb6 15.
Ne5 Nxe5 16. dxe5 a5 17. Qg4 Kh8 18. bxa5 Rxa5 19. Bxd5 exd5 20. Rxc8 dxe4 21.
e6 f6 22. Rxf8+ Bxf8 23. Qxe4 Qd8 24. Re1 Be7 25. Qc6 h6 26. Qd7 Qf8 27. Rc1
Ra8 28. Qxb5 Bxa3 29. Bxa3 Qxa3 30. Qc6 Ra6 31. Qc8+ Kh7 32. e7 Re6 33. e8=Q
Rxe8 34. Qf5+ Kg8 35. Rd1 Qd6 1/2-1/2

[Event "CN Juniori - F20"]
[Site "?"]
[Date "2011.04.13"]
[Round "?"]
[White "Anusca, Madalina-Maria"]
[Black "Dobre, Ana Margareta"]
[Result "1-0"]
[WhiteElo "2052"]
[BlackElo "1845"]
[PlyCount "63"]
[EventDate "2011.??.??"]

1. c4 e5 2. g3 Nf6 3. Bg2 d5 4. cxd5 Nxd5 5. Nc3 Nb6 6. Nf3 Nc6 7. O-O Be7 8.
a3 O-O 9. b4 Be6 10. d3 a6 11. Bb2 f5 12. Rc1 Bf6 13. e4 Qd7 14. exf5 Bxf5 15.
Ne4 Rad8 16. Nc5 Qc8 17. Qb3+ Kh8 18. Rfd1 Rd6 19. a4 Re8 20. b5 axb5 21. axb5
Nd8 22. Re1 Nd5 23. Nxe5 c6 24. bxc6 bxc6 25. Nc4 Rde6 26. Nxe6 Rxe6 27. Nd6
Qd7 28. Nxf5 h6 29. Bxd5 cxd5 30. Rxe6 Qxe6 31. Bxf6 Qxf6 32. Qxd5 1-0

[Event "CN Juniori - F20"]
[Site "?"]
[Date "2011.04.13"]
[Round "?"]
[White "Dobre, Ana Margareta"]
[Black "Mastacan, Camelia"]
[Result "1-0"]
[WhiteElo "1845"]
[BlackElo "1735"]
[PlyCount "59"]
[EventDate "2011.??.??"]

1. e4 e5 2. Bc4 Nf6 3. d3 h6 4. Nc3 d6 5. f4 exf4 6. Bxf4 Be6 7. Bb3 Nbd7 8.
Nf3 a6 9. O-O Qe7 10. Nd4 O-O-O 11. Nf5 Bxf5 12. exf5 Nc5 13. Qf3 Qd7 14. Nd5
Qxf5 15. Nxf6 Nxb3 16. axb3 Qxf6 17. Qd5 Qxb2 18. Qxf7 Qd4+ 19. Kh1 g5 20. Bg3
h5 21. Ra4 Qg7 22. Qd5 h4 23. Rf7 Qb2 24. Bf2 Qc1+ 25. Bg1 Bh6 26. Rxa6 Kb8 27.
Ra8+ Kxa8 28. Qa5+ Kb8 29. Qa7+ Kc8 30. Qa8# 1-0

[Event "CN Juniori - F20"]
[Site "?"]
[Date "2011.04.12"]
[Round "?"]
[White "Dobre, Ana Margareta"]
[Black "Bulmaga, Irina"]
[Result "0-1"]
[WhiteElo "1845"]
[BlackElo "2268"]
[PlyCount "78"]
[EventDate "2011.??.??"]

1. e4 c5 2. Nf3 d6 3. d4 cxd4 4. Nxd4 Nf6 5. Nc3 a6 6. Be2 e5 7. Nb3 Be6 8. Bg5
Be7 9. Qd2 Nbd7 10. f3 Qc7 11. h4 b5 12. O-O-O b4 13. Nd5 Bxd5 14. exd5 a5 15.
Kb1 h6 16. Be3 a4 17. Nc1 Ra5 18. Qxb4 Nxd5 19. Rxd5 Rxd5 20. Bb5 Rxb5 21. Qxb5
a3 22. Nd3 O-O 23. Qa4 d5 24. g4 Rb8 25. g5 h5 26. f4 e4 27. b3 exd3 28. cxd3
Qc3 29. Qd4 Qxd4 30. Bxd4 Bc5 31. Bc3 d4 32. Bd2 g6 33. f5 gxf5 34. Rf1 Ne5 35.
Bf4 Bd6 36. Bg3 Rc8 37. Rd1 Rc6 38. Bf2 Nf3 39. Rc1 Nd2+ 0-1

[Event "CN Juniori - F20"]
[Site "?"]
[Date "2011.04.12"]
[Round "?"]
[White "Uta, Adeline-Ramona"]
[Black "Dobre, Ana Margareta"]
[Result "0-1"]
[WhiteElo "2106"]
[BlackElo "1845"]
[PlyCount "78"]
[EventDate "2011.??.??"]

1. Nf3 Nf6 2. g3 d6 3. Bg2 g6 4. O-O Bg7 5. d4 O-O 6. c4 c6 7. Nc3 Nbd7 8. Qc2
Re8 9. b3 e5 10. dxe5 dxe5 11. e4 h5 12. Rd1 Ng4 13. h3 Nh6 14. Be3 Qe7 15. Rd2
Nf8 16. Rad1 f5 17. Ng5 Ne6 18. Nxe6 Bxe6 19. c5 Rf8 20. exf5 Nxf5 21. Ne4 Nxe3
22. fxe3 Bh6 23. Qc3 Bd5 24. Nd6 Qg5 25. e4 Be6 26. Kh2 h4 27. Rd3 Rf2 28. Nxb7
hxg3+ 29. Rxg3 Qh5 30. Rd6 Re8 31. Kg1 Rxa2 32. Bf3 Qh4 33. Qxe5 Bg7 34. Qg5
Qxg5 35. Rxg5 Kh7 36. Rxc6 Bd4+ 37. Kh1 Be3 38. Nd6 Rf8 39. Re5 Rxf3 0-1

[Event "CN Juniori - F20"]
[Site "?"]
[Date "2011.04.11"]
[Round "?"]
[White "Dobre, Ana Margareta"]
[Black "Ilie, Maria Ruxandra"]
[Result "0-1"]
[WhiteElo "1845"]
[BlackElo "2000"]
[PlyCount "126"]
[EventDate "2011.??.??"]

1. e4 c5 2. Nf3 Nc6 3. d3 g6 4. g3 Bg7 5. Bg2 d6 6. O-O e6 7. c3 Nge7 8. Be3
Qb6 9. Qd2 O-O 10. d4 cxd4 11. Nxd4 Nxd4 12. cxd4 d5 13. Nc3 Rd8 14. Rfd1 dxe4
15. d5 Qa5 16. d6 Nf5 17. Nxe4 Qxd2 18. Bxd2 Bxb2 19. Rab1 Be5 20. Bg5 Rd7 21.
f4 Bg7 22. Rb3 h6 23. Bf6 Nxd6 24. Bxg7 Nxe4 25. Rxd7 Bxd7 26. Bxe4 Kxg7 27.
Rxb7 Be8 28. Rxf7+ Kxf7 29. Bxa8 e5 30. Kf2 exf4 31. gxf4 Kf6 32. Be4 Bf7 33.
a3 Be6 34. Ke3 Bf5 35. Bd5 g5 36. fxg5+ Kxg5 37. Kd4 Kh4 38. Bg2 Bh3 39. Bf3
Bf1 40. Kc5 Kh3 41. Kc6 Kxh2 42. Bh5 Kg3 43. Kb7 a6 44. Kb6 Kh4 45. Bf3 h5 46.
Bxh5 Kxh5 47. Ka5 Kg4 48. Kb4 Kf4 49. Kb3 Ke3 50. Kc3 Bb5 51. Kc2 Kd4 52. Kb3
Kd3 53. a4 Bc4+ 54. Ka3 Kc2 55. a5 Kc3 56. Ka4 Kb2 57. Kb4 Bb5 58. Kc5 Kc3 59.
Kd5 Bd3 60. Kc5 Bc4 61. Kd6 Kb4 62. Kc6 Kxa5 63. Kc5 Bb5 0-1

[Event "fete 20 ani"]
[Site "?"]
[Date "2010.04.14"]
[Round "?"]
[White "Berintan, Teodora"]
[Black "Dobre, Ana Margareta"]
[Result "1/2-1/2"]
[WhiteElo "1848"]
[BlackElo "1848"]
[PlyCount "118"]
[EventDate "2010.??.??"]

1. d4 d5 2. c4 c6 3. cxd5 cxd5 4. Nf3 Nf6 5. Nc3 Nc6 6. a3 Bf5 7. Bf4 e6 8. e3
h6 9. Bd3 Bxd3 10. Qxd3 Qb6 11. Qc2 Be7 12. O-O O-O 13. h3 Rac8 14. Qe2 Na5 15.
Rac1 Nc4 16. Rc2 Qb3 17. Rfc1 Rc6 18. Nd2 Nxd2 19. Qxd2 Rfc8 20. f3 Nd7 21. Rb1
Nb6 22. Rcc1 Nc4 23. Qe2 Qb6 24. Nd1 Qa5 25. Nf2 Qd2 26. Rc2 Qxe2 27. Rxe2 Rb6
28. Rc1 Rcc6 29. Rcc2 Rb3 30. Nd1 g5 31. Bg3 Rd3 32. Re1 Rb6 33. Bf2 Bxa3 34.
bxa3 Rb1 35. Nc3 Rxe1+ 36. Bxe1 Nxe3 37. Rc1 Rxd4 38. Nb5 Rc4 39. Rb1 Ra4 40.
Bf2 Nc4 41. Bxa7 Nxa3 42. Nxa3 Rxa7 43. Nb5 Ra6 44. Nc7 Ra2 45. Rxb7 d4 46. Rb3
e5 47. Ne8 f5 48. Nd6 e4 49. Nxf5 Ra1+ 50. Kh2 d3 51. Rb2 exf3 52. gxf3 Re1 53.
Nd4 Rd1 54. Kg2 d2 55. Rb8+ Kh7 56. Rb7+ Kg6 57. Rb6+ Kh5 58. Nf5 Rg1+ 59. Kf2
Rf1+ 1/2-1/2

[Event "fete 20 ani"]
[Site "?"]
[Date "2010.04.13"]
[Round "?"]
[White "Dobre, Ana Margareta"]
[Black "Traistaru, Teodora"]
[Result "0-1"]
[WhiteElo "1848"]
[BlackElo "2185"]
[PlyCount "88"]
[EventDate "2010.??.??"]

1. e4 c5 2. Nf3 d6 3. d4 cxd4 4. Nxd4 Nf6 5. Nc3 a6 6. Be3 e5 7. Nb3 Be6 8. f3
Be7 9. Qd2 b5 10. O-O-O Nbd7 11. g4 Nb6 12. h4 Nc4 13. Bxc4 bxc4 14. Na1 Qa5
15. Qf2 Rb8 16. Rdg1 Qb4 17. h5 d5 18. Nd1 c3 19. Nb3 d4 20. Bg5 a5 21. Nxc3
dxc3 22. bxc3 Qa3+ 23. Kb1 a4 24. Qa7 Rc8 25. Bc1 Qd6 26. Qxa4+ Bd7 27. Qa5 O-O
28. c4 Rxc4 29. g5 Ne8 30. g6 Ra4 31. Qc3 fxg6 32. hxg6 hxg6 33. Bg5 Nf6 34.
Rg2 Rc8 35. Qd2 Qxd2 36. Rxd2 Be6 37. Rdh2 Kf7 38. Rh8 Rc7 39. R8h2 Rca7 40. c3
Ra3 41. Bc1 R3a6 42. Be3 Rb7 43. Kb2 Ra3 44. Kc2 Rxa2+ 0-1

[Event "fete 20 ani"]
[Site "?"]
[Date "2010.04.12"]
[Round "?"]
[White "Uta, Adeline-Ramona"]
[Black "Dobre, Ana Margareta"]
[Result "1-0"]
[WhiteElo "2072"]
[BlackElo "1848"]
[PlyCount "75"]
[EventDate "2010.??.??"]

1. e4 d5 2. exd5 Qxd5 3. Nc3 Qa5 4. g3 e5 5. Bg2 c6 6. Nge2 Nf6 7. O-O Bd6 8.
d3 Be6 9. a3 O-O 10. h3 Re8 11. Rb1 Nd5 12. Ne4 Bf8 13. c4 Nc7 14. b4 Qa6 15.
a4 Nd7 16. b5 cxb5 17. cxb5 Qa5 18. Bd2 Qb6 19. a5 Qxb5 20. Rxb5 Nxb5 21. Qa4
a6 22. Bb4 Bd5 23. Bxf8 Rxf8 24. N2c3 Bc6 25. Qb4 Rab8 26. Nd6 Nd4 27. Nd5 Kh8
28. Qc4 g6 29. Ne7 Bxg2 30. Kxg2 Kg7 31. Rb1 b5 32. axb6 Rxb6 33. Rxb6 Nxb6 34.
Qxa6 Kf6 35. Qxb6 Kxe7 36. Ne4 f5 37. Qd6+ Kf7 38. Ng5+ 1-0

[Event "fete 20 ani"]
[Site "?"]
[Date "2010.04.11"]
[Round "?"]
[White "Chirita, Andra Marina"]
[Black "Dobre, Ana Margareta"]
[Result "1-0"]
[WhiteElo "2025"]
[BlackElo "1848"]
[PlyCount "101"]
[EventDate "2010.??.??"]

1. d4 d6 2. c4 e5 3. Nf3 Nd7 4. Nc3 c6 5. Bg5 Ngf6 6. e3 g6 7. Be2 Bg7 8. O-O
h6 9. Bh4 Qc7 10. Qc2 O-O 11. Rad1 Re8 12. dxe5 dxe5 13. b4 Nf8 14. c5 Nh5 15.
Nd2 Nf4 16. Bc4 g5 17. exf4 exf4 18. Bxg5 hxg5 19. Nce4 Ne6 20. Bxe6 Rxe6 21.
Nxg5 Rh6 22. Qc4 Bf5 23. Nde4 b5 24. cxb6 axb6 25. Nd6 Be6 26. Qxf4 Rd8 27. Qg3
Bd5 28. Ndxf7 Qxg3 29. hxg3 Ra8 30. Nxh6+ Bxh6 31. Nf3 Rxa2 32. Rfe1 Bf8 33.
Re8 Kf7 34. Rb8 b5 35. Rxd5 cxd5 36. Rxb5 Ra1+ 37. Kh2 Rd1 38. Ne5+ Ke6 39. f4
d4 40. Rb8 Bd6 41. Re8+ Kf5 42. b5 Rb1 43. Nc4 Bb4 44. b6 Bc3 45. Nd6+ Kg4 46.
b7 d3 47. b8=Q Rxb8 48. Rxb8 Be1 49. Rg8+ Kh5 50. g4+ Kh6 51. Ne4 1-0

[Event "fete 20 ani"]
[Site "?"]
[Date "2010.04.11"]
[Round "?"]
[White "Dobre, Ana Margareta"]
[Black "Botezatu, Mirela"]
[Result "1-0"]
[WhiteElo "1848"]
[BlackElo "1819"]
[PlyCount "80"]
[EventDate "2010.??.??"]

1. e4 c5 2. d3 Nc6 3. Nc3 g6 4. g3 Bg7 5. Bg2 d6 6. Be3 h6 7. Qd2 e6 8. Nf3
Nge7 9. Nd1 e5 10. O-O Be6 11. h4 Qd7 12. c3 f5 13. a3 a5 14. Nh2 b6 15. f4 Rd8
16. Qe2 d5 17. h5 d4 18. cxd4 Nxd4 19. Bxd4 Qxd4+ 20. Nf2 exf4 21. gxf4 Qxb2
22. Qxb2 Bxb2 23. Rab1 Bxa3 24. Rxb6 Kf7 25. Nf3 Bc8 26. Ne5+ Kg7 27. Nxg6 Nxg6
28. Rxg6+ Kh7 29. e5 Rhg8 30. Rf6 Bb2 31. Kh1 a4 32. Bh3 Rgf8 33. Rc6 Bd4 34.
Rc7+ Rd7 35. Rxc8 Rxc8 36. Bxf5+ Kg7 37. Bxd7 Ra8 38. Be6 a3 39. Ba2 Rb8 40.
Rg1+ Kh7 1-0

[Event "fete 20 ani"]
[Site "?"]
[Date "2010.04.10"]
[Round "?"]
[White "Dobre, Ana Margareta"]
[Black "Manea, Anca-Andreea"]
[Result "1-0"]
[WhiteElo "1848"]
[BlackElo "1804"]
[PlyCount "65"]
[EventDate "2010.??.??"]

1. e4 c6 2. d4 d5 3. exd5 cxd5 4. Bd3 Nc6 5. c3 e6 6. Bf4 Nf6 7. Nd2 Bd6 8.
Bxd6 Qxd6 9. Ngf3 O-O 10. O-O b6 11. Qc2 Bb7 12. Rae1 Rac8 13. Qb1 Na5 14. Ne5
a6 15. Re3 b5 16. Rh3 h6 17. f4 Nc4 18. Nb3 Ne4 19. Qc1 f5 20. Bxe4 dxe4 21.
Nc5 Ba8 22. b3 Nxe5 23. fxe5 Qc6 24. Rg3 Kh7 25. Qd1 g6 26. Rf4 Rg8 27. Rh4 g5
28. Rxh6+ Kxh6 29. Rh3+ Kg7 30. Qh5 Kf8 31. Qh6+ Ke8 32. Qh7 Rf8 33. Qg6+ 1-0

[Event "fete 20 ani"]
[Site "?"]
[Date "2010.04.09"]
[Round "?"]
[White "Dobre, Ana Margareta"]
[Black "Ursente, Maria,Eugenia"]
[Result "0-1"]
[WhiteElo "1848"]
[BlackElo "1959"]
[PlyCount "72"]
[EventDate "2010.??.??"]

1. e4 d5 2. exd5 Qxd5 3. Nc3 Qd8 4. d4 Nf6 5. Be2 Bf5 6. Bf3 c6 7. Nge2 e6 8.
Ng3 Bg6 9. O-O Nbd7 10. Nge4 Be7 11. Re1 O-O 12. Nxf6+ Nxf6 13. Ne4 Qc7 14. Qe2
Rad8 15. c3 Nxe4 16. Bxe4 Bxe4 17. Qxe4 Rd5 18. Bf4 Bd6 19. Bxd6 Qxd6 20. Qg4
Rd8 21. Re3 c5 22. Rg3 g6 23. h4 cxd4 24. c4 Rc5 25. b3 Kf8 26. Rd1 Rf5 27. Qe4
Qf4 28. Qxf4 Rxf4 29. h5 e5 30. hxg6 hxg6 31. Rgd3 Rf6 32. a4 a5 33. f3 Kg7 34.
Re1 Re6 35. Re4 f5 36. Rdxd4 Rxd4 0-1

[Event "fete 20 ani"]
[Site "?"]
[Date "2010.04.09"]
[Round "?"]
[White "Vasile , Teodora"]
[Black "Dobre, Ana Margareta"]
[Result "1-0"]
[WhiteElo "2026"]
[BlackElo "1848"]
[PlyCount "101"]
[EventDate "2010.??.??"]

1. e4 d5 2. exd5 Qxd5 3. Nc3 Qd8 4. d4 Nf6 5. Bc4 Bg4 6. f3 Bf5 7. Nge2 e6 8.
g4 Nxg4 9. fxg4 Qh4+ 10. Ng3 Bxg4 11. Be2 h5 12. Nce4 Be7 13. Qd3 Nd7 14. Bd2
f5 15. Nf2 O-O-O 16. O-O-O Nc5 17. Qc4 Bxe2 18. Qxe2 Qxd4 19. Bc3 Qf4+ 20. Kb1
Qh6 21. Nxf5 exf5 22. Qxe7 Ne6 23. Qa3 Qe3 24. Nd3 Rd6 25. Rde1 Qb6 26. Rhf1
Rd5 27. Qb3 Qxb3 28. axb3 Re8 29. Rg1 Kd7 30. Bxg7 f4 31. Rxe6 Rxe6 32. Nxf4
Rd2 33. Nxe6 Kxe6 34. Re1+ Kf7 35. Be5 c6 36. Kc1 Rd5 37. Bg3 Rd7 38. Re5 Kg6
39. h4 Rd4 40. Be1 Rd7 41. Rg5+ Kf6 42. Rxh5 Kg6 43. Rg5+ Kh6 44. Bd2 Kh7 45.
h5 Rf7 46. Rg1 b5 47. h6 c5 48. Rg7+ Rxg7 49. hxg7 Kxg7 50. Be3 c4 51. bxc4 1-0

[Event "fete 20 ani"]
[Site "?"]
[Date "2010.04.08"]
[Round "?"]
[White "Mastacan, Camelia"]
[Black "Dobre, Ana Margareta"]
[Result "0-1"]
[WhiteElo "1766"]
[BlackElo "1848"]
[PlyCount "88"]
[EventDate "2010.??.??"]

1. d4 d5 2. c4 c6 3. Nc3 Nf6 4. Bg5 dxc4 5. e3 b5 6. Bxf6 exf6 7. Nxb5 Qb6 8.
Nc3 Qxb2 9. Nge2 Bf5 10. Qc1 Ba3 11. Qxb2 Bxb2 12. Rd1 Na6 13. Kd2 Rb8 14. Nf4
Ba3 15. Bxc4 Rb2+ 16. Ke1 Rc2 17. Bxa6 Rxc3 18. Ke2 g5 19. Nd3 Ke7 20. Rb1 Rc2+
21. Kf3 Bd6 22. e4 Be6 23. a4 Ra2 24. Rb7+ Kf8 25. Rc1 Rxa4 26. Rxc6 Rxd4 27.
Rxa7 f5 28. e5 Bd5+ 29. Ke3 Re4+ 30. Kd2 Bxc6 31. exd6 Rd4 32. Bc8 Rxd6 33. Ra6
Rxd3+ 34. Kxd3 Bb5+ 35. Kd4 Bxa6 36. Bxa6 f6 37. Bc8 f4 38. Bf5 Ke7 39. Ke4 h6
40. g3 fxg3 41. fxg3 Ra8 42. Bg6 Ra2 43. h4 gxh4 44. gxh4 Ra4+ 0-1

[Event "Romanian Championship w Superliga"]
[Site "?"]
[Date "2009.09.27"]
[Round "?"]
[White "Traistaru, Teodora"]
[Black "Dobre, Ana Margareta"]
[Result "1-0"]
[WhiteElo "2205"]
[BlackElo "1856"]
[PlyCount "163"]
[EventDate "2009.??.??"]

1. e4 d5 2. exd5 Qxd5 3. Nc3 Qa5 4. d4 Nf6 5. Bc4 Bg4 6. f3 Bf5 7. Nge2 c6 8.
O-O Nbd7 9. a3 e6 10. Bf4 Be7 11. b4 Qd8 12. Ng3 Bg6 13. Qe2 Nb6 14. Be5 Nxc4
15. Qxc4 Bxc2 16. Nce4 Bxe4 17. fxe4 O-O 18. Qe2 Qb6 19. Rad1 Nd7 20. Bf4 a5
21. Nh5 Kh8 22. Qg4 Rg8 23. Rf3 axb4 24. axb4 Ra1 25. Rfd3 Rxd1+ 26. Rxd1 Qxb4
27. Be3 Nf6 28. Qf3 Nxh5 29. Qxh5 Qb3 30. Bf2 Ra8 31. Rf1 g6 32. Qe5+ f6 33.
Qc7 Qb4 34. Qd7 Rd8 35. Qxe6 Qd6 36. Qb3 b5 37. Re1 Ra8 38. h3 Ra3 39. Qf7 Qd8
40. d5 Bb4 41. Rd1 Qe7 42. Qxe7 Bxe7 43. dxc6 Kg7 44. Rd7 Kf8 45. c7 Ra8 46.
Rd5 Rc8 47. Bb6 Ke8 48. g4 b4 49. Rd3 b3 50. Rxb3 Bd6 51. Bd4 Ke7 52. Rf3 Be5
53. Bxe5 fxe5 54. Rc3 Kd6 55. Rd3+ Kxc7 56. Rd5 Re8 57. g5 Kc6 58. Kf2 Re7 59.
Ke3 Kc7 60. Kd3 Kc6 61. Kc4 Kc7 62. Ra5 Kb6 63. Rc5 Re6 64. Kd5 Re7 65. Rc6+
Kb5 66. Rc8 Kb6 67. Kd6 Rf7 68. Rb8+ Ka7 69. Rb3 h6 70. gxh6 Rh7 71. Kxe5 Rxh6
72. Kf6 Rh4 73. e5 Re4 74. e6 g5 75. e7 Rf4+ 76. Kxg5 Re4 77. Kf6 Rf4+ 78. Kg7
Re4 79. Kf8 Rf4+ 80. Ke8 Rh4 81. Rd3 Kb7 82. Kd8 1-0

[Event "Romanian Championship w Superliga"]
[Site "?"]
[Date "2009.09.26"]
[Round "?"]
[White "Dobre, Ana Margareta"]
[Black "Sgircea, Silvia-Raluca"]
[Result "0-1"]
[WhiteElo "1856"]
[BlackElo "2211"]
[PlyCount "38"]
[EventDate "2009.??.??"]

1. e4 c5 2. Nf3 Nc6 3. d4 cxd4 4. Nxd4 g6 5. Be3 Nf6 6. Nc3 Bg7 7. Bc4 O-O 8.
Bb3 a5 9. f3 d5 10. Bxd5 Nxd5 11. Nxd5 f5 12. c3 fxe4 13. fxe4 Nxd4 14. Bxd4 e6
15. Ne3 Qh4+ 16. g3 Qxe4 17. Rg1 Rf3 18. Bb6 Rxe3+ 19. Kf2 Rd3 0-1

[Event "Romanian Championship w Superliga"]
[Site "?"]
[Date "2009.09.25"]
[Round "?"]
[White "Anusca, Madalina-Maria"]
[Black "Dobre, Ana Margareta"]
[Result "1/2-1/2"]
[WhiteElo "1994"]
[BlackElo "1856"]
[PlyCount "118"]
[EventDate "2009.??.??"]

1. e4 d5 2. exd5 Qxd5 3. Nc3 Qa5 4. d4 Nf6 5. Bc4 c6 6. Nf3 Bf5 7. O-O e6 8.
Bf4 Bb4 9. Ne2 h6 10. Ng3 Bh7 11. c3 Be7 12. Re1 Nbd7 13. Qb3 O-O-O 14. a4 g5
15. Be5 g4 16. Nd2 Nxe5 17. Rxe5 Qc7 18. a5 Bd6 19. Ree1 h5 20. Ngf1 Nd5 21.
Be2 Bf5 22. Nc4 Bf4 23. g3 Bg5 24. Ne5 f6 25. Nd3 h4 26. c4 Ne7 27. c5 a6 28.
Nb4 Nd5 29. Bc4 hxg3 30. fxg3 Qh7 31. Nxa6 Bc2 32. Qa3 bxa6 33. Bxa6+ Kd7 34.
Bb7 Rde8 35. a6 Bd3 36. a7 Bxf1 37. Kxf1 Qxh2 38. Bxc6+ Ke7 39. Rxe6+ Kxe6 40.
Re1+ Be3 41. Bxd5+ Kxd5 42. Qb3+ Kc6 43. a8=Q+ Rxa8 44. d5+ Kxc5 45. Qxe3+ Kb5
46. Qb3+ Kc5 47. Qc3+ Kb5 48. Qc6+ Kb4 49. Qb6+ Kc4 50. Re4+ Kd3 51. Qd4+ Kc2
52. Qc4+ Kb1 53. Re1+ Kxb2 54. Re2+ Qxe2+ 55. Qxe2+ Kc3 56. Qe3+ Kc4 57. d6
Ra1+ 58. Kg2 Ra2+ 59. Kg1 Ra1+ 1/2-1/2

[Event "Romanian Championship w Superliga"]
[Site "?"]
[Date "2009.09.24"]
[Round "?"]
[White "Dobre, Ana Margareta"]
[Black "Sevastian, Ana-Denisse"]
[Result "0-1"]
[WhiteElo "1856"]
[BlackElo "1695"]
[PlyCount "118"]
[EventDate "2009.??.??"]

1. e4 c6 2. d4 d5 3. exd5 cxd5 4. Bd3 Nf6 5. c3 Nc6 6. Bf4 e6 7. Nf3 Bd6 8.
Bxd6 Qxd6 9. Nbd2 O-O 10. O-O b6 11. Qc2 Bb7 12. Rae1 a5 13. Ne5 Ba6 14. Bxa6
Rxa6 15. f4 a4 16. a3 Nd7 17. Nxc6 Qxc6 18. f5 Raa8 19. Re3 Rae8 20. Rh3 h6 21.
Qd3 exf5 22. Qxf5 Re2 23. Rf2 Re1+ 24. Nf1 Nf6 25. Re3 Re8 26. Rxe8+ Qxe8 27.
h3 Ne4 28. Rf3 Nd2 29. Rf2 Nxf1 30. Rxf1 Qe3+ 31. Kh2 Rxf1 32. Qxf1 Qe8 33. Qa6
Qc6 34. Qe2 Kf8 35. g4 b5 36. Kg2 Qc4 37. Qd2 Qb3 38. Kf3 Qc4 39. Kg3 Qc7+ 40.
Qf4 Qxf4+ 41. Kxf4 f6 42. h4 g5+ 43. hxg5 hxg5+ 44. Ke3 Ke7 45. Kd3 Ke6 46. c4
bxc4+ 47. Kc3 f5 48. gxf5+ Kxf5 49. Kb4 g4 50. Kxa4 g3 51. Kb5 g2 52. a4 g1=Q
53. a5 Qxd4 54. Kc6 Qa7 55. Kxd5 Qxa5+ 56. Kxc4 Ke4 57. b4 Qc7+ 58. Kb5 Kd5 59.
Ka6 Kc6 0-1